000 00609nam a22001937a 4500
999 _c167660
_d167660
005 20190916145743.0
010 _aUR-10462
020 _c150.00
_a9788192215662
035 _aU-9017
037 _bDBAD/PUB
_a-
082 _a844
100 _aستا ر سا حر
245 _aنو ا ۓ ا قبا ل
_cستا ر سا حر
246 _bNawa-e-Iqbal Urdu)
_aby Dr.Sattar Sahir
260 _aA.P.
_bAl Muneer Publications,Chitvel-516104
_c2019ء
270 _aChitvel(Kadapa Dt.)
_bA.P.
_e516104
_k9440167176
_l-
300 _a131 ص
_c22 Cm(Hb)
942 _2ddc
_cUR
_h844
_mس ت ا